Población, envejecimiento y desarrollo

Zapisane w:
Opis bibliograficzny
Korporacja: CEPAL (Autor)
Format: Książka
Język:hiszpański
Wydane: San Juan Naciones Unidas 2004
Hasła przedmiotowe:
Etykiety: Dodaj etykietę
Nie ma etykietki, Dołącz pierwszą etykiete!

MARC

LEADER 00000nam a2200000 a 4500
001 UCG2916
003 CL-VaPUC
008 100729e20040600PR |||||||||||||||||spa|d
082 0 4 |a 304.6  |b CEP  |2 21 
110 2 |a CEPAL  |e author  |9 551591 
245 1 0 |a Población, envejecimiento y desarrollo 
300 |a 91 p 
942 |c BK 
945 |d 20100729 00:00:00  |a mfarfan 
260 |a San Juan  |b Naciones Unidas  |c 2004 
650 0 |a Envejecimiento de la población  |9 551592 
650 7 |a ENVEJECIMIENTO  |2 CL-VaPUC  |9 551593 
651 0 |a América Latina   |9 255027 
583 |a last modification  |c 20100729 00:00:00  |k Rodrigo Vera 
999 |c 342017  |d 342015 
952 |0 0  |1 0  |4 0  |6 304_600000000000000_CEP_2004  |7 0  |8 P  |9 437956  |a BIBGIM  |b BIBGIM  |d 2019-11-22  |i 4699661  |o 304.6 CEP 2004  |p 4699661  |r 2025-01-15  |w 2019-11-22  |y BK  |k GIM